Uttar Pradesh Municipal Corporation Act, 1959 (Record no. 488706)

000 -LEADER
fixed length control field 00324cam a22001097a 4500
008 - FIXED-LENGTH DATA ELEMENTS--GENERAL INFORMATION
fixed length control field 180718b1961 xxu||||| |||| 00| 0 eng d
082 ## - DEWEY DECIMAL CLASSIFICATION NUMBER
Classification number B7303x5421 Ut8/1959
100 ## - MAIN ENTRY--PERSONAL NAME
Personal name Uttar Pradesh. Municipal Corporation
245 ## - TITLE STATEMENT
Title Uttar Pradesh Municipal Corporation Act, 1959
260 ## - PUBLICATION, DISTRIBUTION, ETC.
Place of publication, distribution, etc. Lucknow
Name of publisher, distributor, etc. The author
Date of publication, distribution, etc. 1961
300 ## - PHYSICAL DESCRIPTION
Extent 319p.
Holdings
Withdrawn status Lost status Damaged status Not for loan Permanent Location Current Location Date acquired Full call number Barcode Date last seen Price effective from Koha item type
        Indian Institute of Public Administration Indian Institute of Public Administration 2018-08-04 B7303x5421 Ut8/1959 G5083 2018-08-04 2018-08-04 G

Powered by Koha